[Event "Stay Safe Play from Home 161"]
[Site "T#646205Emanuel Laske"]
[Date "2020.05.20"]
[Round "3"]
[White "Karthikchess"]
[Black "Mepe_Nika"]
[Result "1-0"]
[WhiteElo "2465"]
[BlackElo "2300"]
[Annotator "TA"]
[PlyCount "77"]
[EventDate "2020.05.20"]
[EventType "swiss (blitz)"]

{[%evp 9,77,-10,-17,-62,-16,-22,-22,-29,20,-27,14,0,34,29,59,42,48,-42,3,0,120,131,172,0,0,0,116,25,104,18,34,22,64,0,0,0,-34,-23,104,91,131,39,27,8,97,0,460,446,937,462,433,437,419,400,403,373,754,749,1066,759,1243,1220,29976,29977,29977,29978,29970,29972,29982,29983]} 1. b3 b6 2. Bb2 Bb7 3. e3 e6 4. d4 Nf6 5. Nc3 d5 {[#]} 6. Qd2 $146 {A01: Nimzowitsch-Larsen Opening.} ({Predecessor:} 6. Bd3 Nbd7 7. Nf3 Be7 8. a3 O-O 9. Qe2 c5 10. Nd1 Rc8 11. O-O Qc7 12. c4 {0-1 (30) Zimovcak,Z (1594)-Chmel,K (1451) Prague 2007}) 6... Bb4 {[#] ...Ne4 is the strong threat.} 7. f3 O-O 8. Nge2 {The position is equal.} Qe7 9. g4 (9. a3 $5 {[%cal Ra3b4]} Bd6 10. Nb5 $11) 9... a5 10. a3 Bxc3 11. Nxc3 c5 12. h4 Nc6 13. h5 ({Better is} 13. O-O-O $14) 13... cxd4 (13... e5 $5 {[%cal Re5d4]} 14. dxc5 d4 $11) 14. exd4 Nd7 (14... e5 $11) 15. O-O-O $16 Ba6 16. g5 $2 (16. Bxa6 $18 Rxa6 17. h6) 16... Bxf1 $11 17. Rdxf1 Rfc8 (17... b5 $1 $11) 18. Rfg1 (18. f4 $16) 18... Rab8 (18... b5 $1 $11) 19. g6 (19. a4 $16) 19... fxg6 20. hxg6 h6 21. Kb1 (21. Nb5 $1 $14) 21... b5 $15 22. Ne2 a4 23. b4 $1 Nf6 (23... Nb6 $11 {keeps the balance.}) 24. Bc1 $16 e5 25. Qd3 (25. dxe5 $16 Nxe5 26. Nd4) 25... e4 $14 26. fxe4 Nxe4 (26... Qxe4 $11 {remains equal.} 27. Bf4 Rb6) 27. Nf4 (27. Rh5 $16) 27... Qf6 $2 {[%mdl 8192]} (27... Qd6 $11 28. Ne2 Nf2) 28. Nxd5 $18 Qxd4 {[#]} (28... Qf5 $142) 29. Qxd4 (29. Ne7+ $142 $1 {[%mdl 512]} Kf8 (29... Nxe7 30. Qxd4) 30. Qf3+ Kxe7 31. Re1) 29... Nxd4 30. Ne7+ {[%mdl 64] Double Attack} Kf8 {Threatens to win with ...Nc3+.} 31. Nxc8 Rxc8 32. Bb2 Nxc2 $2 (32... Nf3 33. Rg2 Nfd2+ 34. Kc1 Nc4) 33. Rf1+ Ke8 34. Rh2 Ne3 35. Re1 Nc3+ 36. Bxc3 {White mates.} Rxc3 37. Rhe2 Rb3+ 38. Ka2 Kd7 39. Rxe3 {Accuracy: White = 54%, Black = 32%.} 1-0

[Event "Stay Safe Play from Home 161"]
[Site "T#646205Emanuel Laske"]
[Date "2020.05.20"]
[Round "3"]
[White "Klari64"]
[Black "Castlingarrocco"]
[Result "1-0"]
[WhiteElo "2311"]
[BlackElo "2049"]
[Annotator "NA"]
[PlyCount "73"]
[EventDate "2020.05.20"]
[EventType "swiss (blitz)"]

1. e4 {[%emt 0:00:01]} d6 {[%emt 0:00:00]} 2. Nc3 {[%emt 0:00:01]} g6 {[%emt 0:00:00]} 3. d4 {[%emt 0:00:00]} Bg7 {[%emt 0:00:00]} 4. f3 {[%emt 0:00:00]} Nd7 {[%emt 0:00:01]} 5. Be3 {[%emt 0:00:00]} b6 {[%emt 0:00:00]} 6. Qd2 {[%emt 0:00:01]} Bb7 {[%emt 0:00:01]} 7. O-O-O {[%emt 0:00:00]} e5 {[%emt 0:00:01]} 8. h4 {[%emt 0:00:00]} h5 {[%emt 0:00:01]} 9. d5 {[%emt 0:00:01]} Qe7 {[%emt 0:00:01]} 10. Nh3 {[%emt 0:00:01]} Ngf6 {[%emt 0:00:01]} 11. Ng5 {[%emt 0:00:00]} O-O-O {[%emt 0:00:01]} 12. Be2 {[%emt 0:00:01]} Kb8 {[%emt 0:00:01]} 13. Nb5 {[%emt 0:00:01]} Nc5 {[%emt 0:00:01]} 14. Qc3 {[%emt 0:00:02]} a6 {[%emt 0:00:01]} 15. Na3 {[%emt 0:00:01]} b5 {[%emt 0:00:01]} 16. b4 {[%emt 0:00:01]} Na4 {[%emt 0:00:01]} 17. Qb3 {[%emt 0:00:00]} c6 {[%emt 0:00:01]} 18. c4 {[%emt 0:00:01]} cxd5 {[%emt 0:00:02]} 19. cxd5 {[%emt 0:00:01]} Rc8+ {[%emt 0:00:02]} 20. Kd2 {[%emt 0:00:02]} Nc3 {[%emt 0:00:04]} 21. Rc1 {[%emt 0:00:01]} Nxe2 {[%emt 0:00:01]} 22. Kxe2 {[%emt 0:00:00]} Rxc1 {[%emt 0:00:01]} 23. Rxc1 {[%emt 0:00:01]} Rc8 {[%emt 0:00:00]} 24. Rxc8+ {[%emt 0:00:00]} Kxc8 {[%emt 0:00:00]} 25. Qc3+ {[%emt 0:00:00]} Qc7 {[%emt 0:00:01]} 26. Qxc7+ {[%emt 0:00:00]} Kxc7 {[%emt 0:00:00]} 27. Nxf7 {[%emt 0:00:00]} Kd7 {[%emt 0:00:01]} 28. Ng5 {[%emt 0:00:02]} Ke7 {[%emt 0:00:01]} 29. Ne6 {[%emt 0:00:00]} Bc8 {[%emt 0:00:01]} 30. Nxg7 {[%emt 0:00:01]} Kf7 {[%emt 0:00:01]} 31. Ne6 {[%emt 0:00:00]} Bxe6 {[%emt 0:00:01]} 32. dxe6+ {[%emt 0:00:00]} Kxe6 {[%emt 0:00:00]} 33. Bg5 {[%emt 0:00:00]} d5 {[%emt 0:00:01]} 34. Bxf6 {[%emt 0:00:01]} Kxf6 {[%emt 0:00:01]} 35. exd5 {[%emt 0:00:00]} Ke7 {[%emt 0:00:02]} 36. Nc2 {[%emt 0:00:00]} Kd6 {[%emt 0:00:00]} 37. Ne3 {[%emt 0:00:00] Castlingarrocco abbandona (Lag: Av=0.32s, max=0.8s)} 1-0

[Event "Stay Safe Play from Home 161"]
[Site "T#646205Emanuel Laske"]
[Date "2020.05.20"]
[Round "3"]
[White "Lazieri3"]
[Black "Trotsky"]
[Result "1-0"]
[WhiteElo "2097"]
[BlackElo "1513"]
[Annotator "NA"]
[PlyCount "61"]
[EventDate "2020.05.20"]
[EventType "swiss (blitz)"]

1. e4 {[%emt 0:00:04]} c5 {[%emt 0:00:01]} 2. Nc3 {[%emt 0:00:00]} e6 {[%emt 0:00:00]} 3. d3 {[%emt 0:00:00]} d5 {[%emt 0:00:01]} 4. Nf3 {[%emt 0:00:00]} d4 {[%emt 0:00:01]} 5. Ne2 {[%emt 0:00:01]} Nc6 {[%emt 0:00:01]} 6. Bg5 {[%emt 0:00:00]} f6 {[%emt 0:00:01]} 7. Bh4 {[%emt 0:00:01]} g5 {[%emt 0:00:02]} 8. Bg3 {[%emt 0:00:01]} h5 {[%emt 0:00:01]} 9. h4 {[%emt 0:00:01]} Bd6 {[%emt 0:00:01]} 10. Bxd6 {[%emt 0:00:01]} Qxd6 {[%emt 0:00:01]} 11. hxg5 {[%emt 0:00:00]} Bd7 {[%emt 0:00:03]} 12. gxf6 {[%emt 0:00:01]} Nxf6 {[%emt 0:00:01]} 13. Qd2 {[%emt 0:00:01]} O-O-O {[%emt 0:00:01]} 14. Qf4 {[%emt 0:00:02]} e5 {[%emt 0:00:02]} 15. Qh4 {[%emt 0:00:01]} Rhf8 {[%emt 0:00:02]} 16. Ng5 {[%emt 0:00:01]} Ng4 {[%emt 0:00:05]} 17. Nh3 {[%emt 0:00:02]} Nb4 {[%emt 0:00:07]} 18. O-O-O {[%emt 0:00:02]} Qa6 {[%emt 0:00:02]} 19. a3 {[%emt 0:00:02]} Kb8 {[%emt 0:00:03]} 20. axb4 {[%emt 0:00:02]} cxb4 {[%emt 0:00:01]} 21. Ng5 {[%emt 0:00:03]} Rc8 {[%emt 0:00:02]} 22. f4 {[%emt 0:00:04]} Qa1+ {[%emt 0:00:01]} 23. Kd2 {[%emt 0:00:01]} Qxb2 {[%emt 0:00:01]} 24. Rc1 {[%emt 0:00:01]} Ne3 {[%emt 0:00:07]} 25. fxe5 {[%emt 0:00:10]} Rxc2+ {[%emt 0:00:03]} 26. Ke1 {[%emt 0:00:09]} Rxc1+ {[%emt 0:00:03]} 27. Nxc1 {[%emt 0:00:01]} Qxc1+ {[%emt 0:00:01]} 28. Ke2 {[%emt 0:00:01]} Qc2+ {[%emt 0:00:02]} 29. Ke1 {[%emt 0:00:01]} Bg4 {[%emt 0:00:02]} 30. Nf3 {[%emt 0:00:03]} Qd1+ {[%emt 0:00:02]} 31. Kf2 {[%emt 0:00:00] Âðåìÿ} 1-0

[Event "Stay Safe Play from Home 161"]
[Site "T#646205Emanuel Laske"]
[Date "2020.05.20"]
[Round "3"]
[White "Haxhi Baha"]
[Black "GIULIO19031975"]
[Result "0-1"]
[WhiteElo "1948"]
[BlackElo "1791"]
[Annotator "NA"]
[PlyCount "74"]
[EventDate "2020.05.20"]
[EventType "swiss (blitz)"]

1. e4 {[%emt 0:00:01]} c5 {[%emt 0:00:01]} 2. Nf3 {[%emt 0:00:01]} e6 {[%emt 0:00:00]} 3. d4 {[%emt 0:00:00]} cxd4 {[%emt 0:00:00]} 4. Nxd4 {[%emt 0:00:00]} Nc6 {[%emt 0:00:00]} 5. Nc3 {[%emt 0:00:00]} Bc5 {[%emt 0:00:01]} 6. Nb3 {[%emt 0:00:01]} Bb6 {[%emt 0:00:01]} 7. Bd3 {[%emt 0:00:00]} h6 {[%emt 0:00:00]} 8. f4 {[%emt 0:00:01]} Nf6 {[%emt 0:00:01]} 9. Qf3 {[%emt 0:00:01]} a6 {[%emt 0:00:01]} 10. Be3 {[%emt 0:00:01]} Qe7 {[%emt 0:00:01]} 11. Bxb6 {[%emt 0:00:02]} d5 {[%emt 0:00:02]} 12. exd5 {[%emt 0:00:01]} exd5+ {[%emt 0:00:01]} 13. Kf2 {[%emt 0:00:01]} O-O {[%emt 0:00:01]} 14. Rhe1 {[%emt 0:00:01]} Qd7 {[%emt 0:00:02]} 15. Bc5 {[%emt 0:00:01]} Rd8 {[%emt 0:00:02]} 16. h3 {[%emt 0:00:02]} Qc7 {[%emt 0:00:02]} 17. Qe3 {[%emt 0:00:06]} Qd7 {[%emt 0:00:04]} 18. Bb6 {[%emt 0:00:01]} Rf8 {[%emt 0:00:02]} 19. Nc5 {[%emt 0:00:02]} Qd6 {[%emt 0:00:01]} 20. Rad1 {[%emt 0:00:05]} d4 {[%emt 0:00:01]} 21. Qf3 {[%emt 0:00:03]} Nb4 {[%emt 0:00:06]} 22. Bc4 {[%emt 0:00:04]} Qxb6 {[%emt 0:00:01]} 23. Nb3 {[%emt 0:00:01]} d3+ {[%emt 0:00:02]} 24. Kg3 {[%emt 0:00:03]} dxc2 {[%emt 0:00:01]} 25. Rd2 {[%emt 0:00:01]} Bd7 {[%emt 0:00:04]} 26. Ne4 {[%emt 0:00:03]} Nxe4+ {[%emt 0:00:01]} 27. Qxe4 {[%emt 0:00:01]} Bc6 {[%emt 0:00:01]} 28. Qd4 {[%emt 0:00:03]} Rfe8 {[%emt 0:00:01]} 29. Qxb6 {[%emt 0:00:02]} Rxe1 {[%emt 0:00:01]} 30. Qxb4 {[%emt 0:00:01]} c1=Q {[%emt 0:00:01]} 31. Nxc1 {[%emt 0:00:01]} Rxc1 {[%emt 0:00:00]} 32. Rd6 {[%emt 0:00:00]} Re8 {[%emt 0:00:02]} 33. Rxc6 {[%emt 0:00:01]} bxc6 {[%emt 0:00:01]} 34. Qb7 {[%emt 0:00:00]} Rce1 {[%emt 0:00:01]} 35. Qxf7+ {[%emt 0:00:02]} Kh8 {[%emt 0:00:01]} 36. Kh4 {[%emt 0:00:00]} R1e7 {[%emt 0:00:02]} 37. Qg6 {[%emt 0:00:02]} Re6 {[%emt 0:00:01] Time (Lag: Av=0.57s, max=0.8s)} 0-1

[Event "Stay Safe Play from Home 161"]
[Site "T#646205Emanuel Laske"]
[Date "2020.05.20"]
[Round "3"]
[White "SecantFX"]
[Black "Lamborghini"]
[Result "1-0"]
[WhiteElo "1935"]
[BlackElo "2212"]
[Annotator "NA"]
[PlyCount "55"]
[EventDate "2020.05.20"]
[EventType "swiss (blitz)"]

1. g3 {[%emt 0:00:00]} h5 {[%emt 0:00:02]} 2. Bg2 {[%emt 0:00:01]} g6 {[%emt 0:00:01]} 3. f4 {[%emt 0:00:00]} h4 {[%emt 0:00:01]} 4. e4 {[%emt 0:00:01]} d6 {[%emt 0:00:01]} 5. d4 {[%emt 0:00:01]} Bg7 {[%emt 0:00:01]} 6. c3 {[%emt 0:00:01]} c6 {[%emt 0:00:01]} 7. Be3 {[%emt 0:00:01]} Na6 {[%emt 0:00:01]} 8. Bf2 {[%emt 0:00:01]} h3 {[%emt 0:00:02]} 9. Bf3 {[%emt 0:00:01]} Nc7 {[%emt 0:00:01]} 10. Nd2 {[%emt 0:00:01]} e5 {[%emt 0:00:01]} 11. dxe5 {[%emt 0:00:01]} dxe5 {[%emt 0:00:01]} 12. Qb3 {[%emt 0:00:02]} Nf6 {[%emt 0:00:03]} 13. Rd1 {[%emt 0:00:05]} Qe7 {[%emt 0:00:01]} 14. Ne2 {[%emt 0:00:02]} O-O {[%emt 0:00:01]} 15. O-O {[%emt 0:00:01]} Ne6 {[%emt 0:00:01]} 16. f5 {[%emt 0:00:02]} Ng5 {[%emt 0:00:01]} 17. Bh1 {[%emt 0:00:02]} gxf5 {[%emt 0:00:02]} 18. exf5 {[%emt 0:00:01]} Bxf5 {[%emt 0:00:01]} 19. Nf3 {[%emt 0:00:03]} Nxf3+ {[%emt 0:00:02]} 20. Bxf3 {[%emt 0:00:01]} Rfd8 {[%emt 0:00:01]} 21. Rde1 {[%emt 0:00:02]} Bg6 {[%emt 0:00:01]} 22. Nf4 {[%emt 0:00:01]} Kh7 {[%emt 0:00:09]} 23. Nxg6 {[%emt 0:00:03]} Kxg6 {[%emt 0:00:01]} 24. Qc2+ {[%emt 0:00:01]} e4 {[%emt 0:00:03]} 25. Bxe4+ {[%emt 0:00:04]} Nxe4 {[%emt 0:00:01]} 26. Rxe4 {[%emt 0:00:01]} Qxe4 {[%emt 0:00:03]} 27. Qxe4+ {[%emt 0:00:02]} f5 {[%emt 0:00:00]} 28. Qe6+ {[%emt 0:00:01] Lamborghini gibt auf (Lag: Av=0.38s, max=0.8s)} 1-0

[Event "Stay Safe Play from Home 161"]
[Site "T#646205Emanuel Laske"]
[Date "2020.05.20"]
[Round "3"]
[White "Emresenar"]
[Black "Weltszmerc"]
[Result "0-1"]
[WhiteElo "1815"]
[BlackElo "2026"]
[Annotator "NA"]
[PlyCount "55"]
[EventDate "2020.05.20"]
[EventType "swiss (blitz)"]

1. e4 {[%emt 0:00:02]} Nf6 {[%emt 0:00:00]} 2. e5 {[%emt 0:00:01]} Nd5 {[%emt 0:00:01]} 3. Nf3 {[%emt 0:00:01]} d6 {[%emt 0:00:01]} 4. Bc4 {[%emt 0:00:00]} Nb6 {[%emt 0:00:02]} 5. Bb3 {[%emt 0:00:01]} d5 {[%emt 0:00:01]} 6. O-O {[%emt 0:00:01]} Bg4 {[%emt 0:00:01]} 7. d4 {[%emt 0:00:01]} e6 {[%emt 0:00:00]} 8. h3 {[%emt 0:00:01]} Bh5 {[%emt 0:00:01]} 9. Be3 {[%emt 0:00:02]} c5 {[%emt 0:00:01]} 10. Nbd2 {[%emt 0:00:02]} c4 {[%emt 0:00:02]} 11. g4 {[%emt 0:00:06]} Bg6 {[%emt 0:00:01]} 12. Bg5 {[%emt 0:00:01]} Qc7 {[%emt 0:00:02]} 13. Nh4 {[%emt 0:00:07]} Be7 {[%emt 0:00:05]} 14. f4 {[%emt 0:00:07]} Bxg5 {[%emt 0:00:02]} 15. fxg5 {[%emt 0:00:02]} cxb3 {[%emt 0:00:00]} 16. cxb3 {[%emt 0:00:02]} Qc2 {[%emt 0:00:04]} 17. Qxc2 {[%emt 0:00:06]} Bxc2 {[%emt 0:00:01]} 18. Rac1 {[%emt 0:00:01]} Bg6 {[%emt 0:00:01]} 19. Nxg6 {[%emt 0:00:02]} hxg6 {[%emt 0:00:01]} 20. a4 {[%emt 0:00:03]} Nc6 {[%emt 0:00:01]} 21. Kg2 {[%emt 0:00:03]} Nxd4 {[%emt 0:00:01]} 22. a5 {[%emt 0:00:01]} Nd7 {[%emt 0:00:01]} 23. Rc7 {[%emt 0:00:02]} Rb8 {[%emt 0:00:01]} 24. Rfc1 {[%emt 0:00:01]} Nc6 {[%emt 0:00:01]} 25. b4 {[%emt 0:00:02]} O-O {[%emt 0:00:03]} 26. b5 {[%emt 0:00:00]} Ncxe5 {[%emt 0:00:01]} 27. Rxd7 {[%emt 0:00:00]} Nxd7 {[%emt 0:00:01]} 28. Nf3 {[%emt 0:00:00] Emresenar terk eder (Lag: Av=0.94s, max=1.7s)} 0-1

[Event "Stay Safe Play from Home 161"]
[Site "T#646205Emanuel Laske"]
[Date "2020.05.20"]
[Round "3"]
[White "Tavares"]
[Black "UHU4"]
[Result "1-0"]
[WhiteElo "1696"]
[BlackElo "1474"]
[Annotator "NA"]
[PlyCount "63"]
[EventDate "2020.05.20"]
[EventType "swiss (blitz)"]

1. e4 {[%emt 0:00:03]} d5 {[%emt 0:00:01]} 2. exd5 {[%emt 0:00:02]} Qxd5 {[%emt 0:00:00]} 3. Nc3 {[%emt 0:00:01]} Qa5 {[%emt 0:00:01]} 4. Bc4 {[%emt 0:00:01]} c6 {[%emt 0:00:01]} 5. d3 {[%emt 0:00:00]} Nf6 {[%emt 0:00:01]} 6. Bd2 {[%emt 0:00:01]} Qc7 {[%emt 0:00:01]} 7. Nf3 {[%emt 0:00:00]} Bg4 {[%emt 0:00:01]} 8. Qe2 {[%emt 0:00:00]} Nbd7 {[%emt 0:00:02]} 9. h3 {[%emt 0:00:01]} Bh5 {[%emt 0:00:01]} 10. g4 {[%emt 0:00:01]} Bg6 {[%emt 0:00:01]} 11. O-O-O {[%emt 0:00:00]} O-O-O {[%emt 0:00:02]} 12. Rde1 {[%emt 0:00:06]} e6 {[%emt 0:00:01]} 13. Kb1 {[%emt 0:00:01]} Bb4 {[%emt 0:00:01]} 14. Rhg1 {[%emt 0:00:04]} Rhe8 {[%emt 0:00:03]} 15. h4 {[%emt 0:00:01]} h5 {[%emt 0:00:04]} 16. g5 {[%emt 0:00:01]} Nd5 {[%emt 0:00:01]} 17. Ne5 {[%emt 0:00:01]} Nxe5 {[%emt 0:00:03]} 18. Qxe5 {[%emt 0:00:01]} Bd6 {[%emt 0:00:07]} 19. Qxg7 {[%emt 0:00:02]} Nxc3+ {[%emt 0:00:01]} 20. Bxc3 {[%emt 0:00:02]} Rg8 {[%emt 0:00:02]} 21. Bf6 {[%emt 0:00:01]} Rxg7 {[%emt 0:00:01]} 22. Bxg7 {[%emt 0:00:00]} Bc5 {[%emt 0:00:03]} 23. Rgf1 {[%emt 0:00:02]} Qf4 {[%emt 0:00:02]} 24. Be5 {[%emt 0:00:01]} Qxh4 {[%emt 0:00:03]} 25. f4 {[%emt 0:00:01]} Bd6 {[%emt 0:00:03]} 26. Bc3 {[%emt 0:00:01]} Bxf4 {[%emt 0:00:01]} 27. a4 {[%emt 0:00:04]} Qxg5 {[%emt 0:00:01]} 28. Rg1 {[%emt 0:00:01]} Qf5 {[%emt 0:00:02]} 29. Ref1 {[%emt 0:00:01]} e5 {[%emt 0:00:05]} 30. Bd2 {[%emt 0:00:01]} Qh3 {[%emt 0:00:03]} 31. Bxf4 {[%emt 0:00:03]} exf4 {[%emt 0:00:01]} 32. Rxf4 {[%emt 0:00:00] Tiempo ' (Lag: Av=0.68s, max=1.3s)} 1-0

[Event "Stay Safe Play from Home 161"]
[Site "T#646205Emanuel Laske"]
[Date "2020.05.20"]
[Round "3"]
[White "Matanant"]
[Black "Toosieslide"]
[Result "0-1"]
[WhiteElo "1619"]
[BlackElo "2153"]
[Annotator "NA"]
[PlyCount "56"]
[EventDate "2020.05.20"]
[EventType "swiss (blitz)"]

1. b3 {[%emt 0:00:01]} d5 {[%emt 0:00:02]} 2. Bb2 {[%emt 0:00:00]} c6 {[%emt 0:00:01]} 3. e3 {[%emt 0:00:00]} Nf6 {[%emt 0:00:01]} 4. f4 {[%emt 0:00:00]} Bg4 {[%emt 0:00:01]} 5. Nf3 {[%emt 0:00:00]} Nbd7 {[%emt 0:00:01]} 6. Be2 {[%emt 0:00:01]} e6 {[%emt 0:00:01]} 7. O-O {[%emt 0:00:01]} Bd6 {[%emt 0:00:00]} 8. Ne5 {[%emt 0:00:00]} Bxe2 {[%emt 0:00:02]} 9. Qxe2 {[%emt 0:00:00]} Qc7 {[%emt 0:00:00]} 10. Nd3 {[%emt 0:00:02]} O-O-O {[%emt 0:00:01]} 11. Nf2 {[%emt 0:00:00]} Rhg8 {[%emt 0:00:03]} 12. d4 {[%emt 0:00:00]} Ne4 {[%emt 0:00:01]} 13. c4 {[%emt 0:00:00]} Nxf2 {[%emt 0:00:02]} 14. Qxf2 {[%emt 0:00:01]} Nf6 {[%emt 0:00:00]} 15. c5 {[%emt 0:00:01]} Be7 {[%emt 0:00:01]} 16. b4 {[%emt 0:00:00]} Ne4 {[%emt 0:00:01]} 17. a4 {[%emt 0:00:00]} Nxf2 {[%emt 0:00:01]} 18. Rxf2 {[%emt 0:00:00]} g5 {[%emt 0:00:01]} 19. Nc3 {[%emt 0:00:00]} gxf4 {[%emt 0:00:01]} 20. Rxf4 {[%emt 0:00:01]} Rg7 {[%emt 0:00:01]} 21. Raf1 {[%emt 0:00:02]} Rdg8 {[%emt 0:00:01]} 22. R4f2 {[%emt 0:00:01]} Bg5 {[%emt 0:00:01]} 23. Bc1 {[%emt 0:00:02]} e5 {[%emt 0:00:03]} 24. b5 {[%emt 0:00:00]} exd4 {[%emt 0:00:01]} 25. exd4 {[%emt 0:00:01]} Bxc1 {[%emt 0:00:01]} 26. Rxc1 {[%emt 0:00:00]} Qe7 {[%emt 0:00:01]} 27. Rcf1 {[%emt 0:00:01]} Qe3 {[%emt 0:00:01]} 28. Ne2 {[%emt 0:00:01]} Rxg2+ {[%emt 0:00:02] (Lag: Av=0.73s, max=1.1s) Matanant resigns} 0-1

[Event "Stay Safe Play from Home 161"]
[Site "T#646205Emanuel Laske"]
[Date "2020.05.20"]
[Round "4"]
[White "Karthikchess"]
[Black "Eidgenosse"]
[Result "1-0"]
[WhiteElo "2475"]
[BlackElo "2424"]
[Annotator "TA"]
[PlyCount "121"]
[EventDate "2020.05.20"]
[EventType "swiss (blitz)"]

{[%evp 9,121,-12,8,-8,6,3,17,0,8,0,22,22,27,26,31,28,29,22,27,20,28,21,34,21,42,32,58,33,52,0,0,-13,-13,-7,-1,-20,-30,-16,-28,-29,56,53,81,75,104,114,157,150,297,308,286,250,272,272,245,243,303,324,522,504,473,258,255,255,292,324,339,336,286,153,177,-235,958,200,203,187,196,193,29999,1779,832,89,203,203,467,187,403,180,304,167,191,244,194,0,49,8,8,8,8,8,408,0,8,0,0,0,0,0,0,0,0,-29973,0,-29985]} 1. b3 Nf6 2. Bb2 g6 3. Bxf6 exf6 4. c4 f5 5. Nc3 Bg7 6. Rc1 {A01: Nimzowitsch-Larsen Opening.} O-O 7. e3 d6 8. Nge2 h5 9. h4 Nd7 10. g3 Ne5 {[%cal Re5f3]} 11. Nf4 c6 12. Bg2 Ng4 13. O-O Re8 14. d4 {[#]} Bd7 $146 ({Predecessor:} 14... Qe7 15. Re1 Bd7 16. Qd2 Rad8 17. b4 a6 18. a4 Ra8 19. Rb1 Qf6 20. b5 axb5 21. axb5 {1-0 (52) Shytaj,L (2435)-Tissir,M (2376) Doha 2016}) 15. Bf3 Qe7 16. Kg2 a5 17. Qd2 Rad8 18. Rfe1 Bh6 19. e4 (19. Na4 $14) 19... Qf8 $11 20. exf5 Bxf5 21. Ne4 Bxe4 22. Rxe4 Rxe4 23. Bxe4 Re8 24. Bf3 Nf6 ({Black should play} 24... Qe7 $11) 25. Qxa5 $14 Bxf4 26. gxf4 Qe7 27. Qg5 Qe6 28. d5 Qe7 (28... cxd5 $16 29. cxd5 Qe7) 29. dxc6 $18 bxc6 30. Bxc6 Rc8 31. Bf3 Rc5 32. Qg3 $1 Ne4 33. Re1 Nxg3 $2 (33... Re5 34. Qh3 (34. fxe5 Nxg3 35. e6 Kg7 $11) 34... Re6) 34. Rxe7 {[%mdl 4096] Endgame KRB-KRN} Nf5 35. Rd7 (35. Re8+ $142 Kg7 36. Bd5) 35... Nxh4+ 36. Kg3 Nf5+ 37. Kh2 Ra5 38. a4 Nd4 39. Bd5 (39. Bd1 $18) 39... Nxb3 $16 40. Rxf7 $4 {[%mdl 8192] [#]} (40. Bxf7+ $18 {and all is fine.} Kf8 41. Bxg6 Rxa4 42. Rf7+ (42. Bxh5 Rxc4 43. Kg3 Nc5 $16) 42... Kg8 43. Rc7) 40... Kh8 $4 {[%mdl 8192]} (40... Rxd5 $1 $19 {[%mdl 512]} 41. Rf6 (41. cxd5 Kxf7) 41... Rd4 42. Rxg6+ Kf7) 41. Rf6 $2 (41. Kg3 {And now Kh4 would win.} Nd2 42. Kh4 Nxc4 43. Bxc4) 41... Kg7 42. Rxd6 Rxa4 {[#]} 43. Rd7+ $1 Kf6 $2 (43... Kh8 $18 44. Kg3 Nc5) 44. Kg3 (44. Rf7# $142) 44... g5 $18 45. f3 $2 (45. Rf7+ $18 {and the rest is easy.} Kg6 46. f5+ Kh6 47. Rf6+ Kh7 48. f4) 45... gxf4+ (45... Nd4 $16 {is a better defense.}) 46. Kxf4 Nd4 $2 (46... Ra6 47. Rh7 Ra2 48. Rxh5 Nc5 49. Rh6+ Ke7) 47. Rf7+ Kg6 48. Rb7 (48. Ke5 $142) 48... Ne2+ (48... Ra3 {was called for.} 49. Rd7 Kf6 50. Rd6+ Ke7) 49. Ke3 (49. Ke5 $142) 49... Ng3 50. Rb6+ Kg5 51. Be4 $2 (51. f4+ $18 Kh4 52. Kd4) 51... Nf5+ 52. Bxf5 (52. Kd2 {feels hotter.} Ng3 53. Bd3 Ra8 54. Rg6+ Kf4 55. Rf6+) 52... Kxf5 $14 {KR-KR} 53. Rb5+ Kf6 54. Kd4 h4 $2 {[%mdl 8192]} (54... Kg6 $1 $11 {and Black stays safe.}) 55. Rb6+ $2 (55. Rh5 $18) 55... Kf5 56. Rb2 Kf4 57. Rh2 Kg3 58. Rh1 h3 59. Rxh3+ Kxh3 60. f4 $2 {[%mdl 8192]} (60. Kd5 $11) 60... Rxc4+ $2 (60... Kg4 {mates} 61. Kd5 Kf5 62. c5 Kf6 63. f5 Rf4 64. c6 Ke7 65. c7 Rxf5+ 66. Kc4 Kd7 67. c8=R Kxc8 68. Kd4 Kd7 69. Ke4 Ke6 70. Kd3 Kd5 71. Ke3 Re5+ 72. Kf3 Ke6 73. Kf4 Kf6 74. Kg4 Rf5 75. Kh4 Rg5 76. Kh3 Kf5 77. Kh4 Kf4 78. Kh3 Kf3 79. Kh2 Rf5 80. Kh1 Kf2 81. Kh2 Rh5#) 61. Kd5 $2 {[%mdl 40960] Quite a comeback for Black. Accuracy: White = 59%, Black = 47%. . Sensor Board Error (Ke4/e5)?} (61. Kxc4 $11 Kg4 62. Kd5 Kxf4) 1-0